| 000 | 00456nam a2200157Ia 4500 | ||
|---|---|---|---|
| 005 | 20250403142824.0 | ||
| 008 | 231217s9999 xx 000 0 und d | ||
| 020 | _a9788131412619 | ||
| 082 | _a658.044 MIS;1 R | ||
| 100 | _aMishra, Santap Sanhari. Panigrahi, prithiraj ed. | ||
| 245 | 0 | _aPublic private partnerships : a new paradigm | |
| 260 |
_c2008 _bICFAI Press _aHyderabad |
||
| 300 | _avii, 283 | ||
| 650 | _apartnerships,paradigm | ||
| 942 | _cAA | ||
| 999 |
_c190997 _d190997 |
||